| 000 | 00573nam a22001817a 4500 | ||
|---|---|---|---|
| 005 | 20240903110749.0 | ||
| 010 | _aENG-141570 | ||
| 020 |
_c250.00 _a9789385923487 |
||
| 035 | _aEN-125102 | ||
| 037 | _bDBAD/PUB | ||
| 082 | _a512 | ||
| 100 |
_aLoney,SL _970862 |
||
| 245 |
_aPlane Trigonometry/ _cBy Loney ,SL _hEnglish |
||
| 260 |
_aNew Delhi _bNew Age International(P)Limited _c2017 |
||
| 270 |
_bNew Delhi _a7/30 A,Daryaganj,New Delhi _e110002 _k(011)23262368 _k(011)23262370 |
||
| 300 |
_axii,xxxiii,258p. _c24cm(pbk) |
||
| 942 |
_2ddc _cEN _h512 _mLON _e1 |
||
| 999 |
_c205475 _d205475 |
||